| 000 | 01006nam a2200277Ia 4500 | ||
|---|---|---|---|
| 003 | OSt | ||
| 005 | 20220930190037.0 | ||
| 006 | a|||||r|||| 00| 0 | ||
| 007 | ta | ||
| 008 | 220926b |||||||| |||| 00| 0 eng d | ||
| 020 | _c50 | ||
| 024 | _a92771 | ||
| 037 |
_b538, 19/03/2009, Vani Prakashan _cTextbook |
||
| 040 |
_aCRL _cCRL _beng |
||
| 041 |
_2eng _aeng |
||
| 082 | _aO111,1K08:g, 152M2 | ||
| 100 | _aमिल्टन, जॉन | ||
| 245 | 0 | _aएरियोपेजिटिका | |
| 246 | _aEriyopejiṭikā | ||
| 260 |
_aनई दिल्ली, _bसाहित्य अकादेमी, भारत _c1982 |
||
| 300 |
_a68पृ0 _ccm. |
||
| 650 | _aअंग्रेजी साहित्य | ||
| 700 | _a राव, बालकृष्ण, अनु. | ||
| 942 |
_hO111,1K08:g, 152M2 _cTB _2CC |
||
| 999 |
_c891514 _d891514 |
||